Focus (Record no. 78861)
[ view plain ]
| 000 -LEADER | |
|---|---|
| fixed length control field | 01120cab a22002295a 4500 |
| 001 - CONTROL NUMBER | |
| control field | L138420 |
| 008 - FIXED-LENGTH DATA ELEMENTS--GENERAL INFORMATION | |
| fixed length control field | 070605e20070602xxkado f 000 0 eng d |
| 035 ## - SYSTEM CONTROL NUMBER | |
| System control number | (Sirsi) u138420 |
| 041 0# - LANGUAGE CODE | |
| Language code of text/sound track or separate title | eng |
| 100 1# - MAIN ENTRY--PERSONAL NAME | |
| Personal name | Gardiner, Hannah |
| 245 00 - TITLE STATEMENT | |
| Title | Focus |
| Remainder of title | London and South East boroughs |
| 260 ## - PUBLICATION, DISTRIBUTION, ETC. | |
| Date of publication, distribution, etc. | 2007 |
| 490 ## - SERIES STATEMENT | |
| Series statement | Estates Gazette |
| Volume/sequential designation | (0722) 2 June 2007, 115-135(12) |
| 520 ## - SUMMARY, ETC. | |
| Summary, etc. | Reports on a slow second quarter for the City's commercial property market, despite two headline deals being concluded. Thoughts on recent interest rises and their impact on the market are presented. The South Bank is now attracting major occupiers and a shortage of space is hinted at. The commercial partner behind Elephant & Castle's regeneration scheme is soon to be decided upon, after many delays. Schemes at the Greenwich Peninsula project are described. A £200m development project for Lewisham is soon to be approved. |
| 590 ## - LOCAL NOTE (RLIN) | |
| Local note | KA |
| 651 #4 - SUBJECT ADDED ENTRY--GEOGRAPHIC NAME | |
| Geographic name | SOUTH EAST |
| 690 ## - LOCAL SUBJECT ADDED ENTRY--TOPICAL TERM (OCLC, RLIN) | |
| Topical term or geographic name as entry element | PROPERTY-COMMERCIAL PROPERTY-COMMERCIAL PROPERTY MARKET |
| 700 1# - ADDED ENTRY--PERSONAL NAME | |
| Personal name | Neale, Jon |
| 700 1# - ADDED ENTRY--PERSONAL NAME | |
| Personal name | Robson, Claire |
| 700 1# - ADDED ENTRY--PERSONAL NAME | |
| Personal name | Norman, Paul |
| 942 ## - ADDED ENTRY ELEMENTS (KOHA) | |
| Suppress in OPAC | 0 |
| Withdrawn status | Lost status | Source of classification or shelving scheme | Damaged status | Not for loan | Home library | Current library | Shelving location | Date acquired | Total Checkouts | Full call number | Barcode | Date last seen | Copy number | Price effective from | Koha item type |
|---|---|---|---|---|---|---|---|---|---|---|---|---|---|---|---|
| Dewey Decimal Classification | London | London | Journal article | 05/06/2007 | L138420 | 138420-1001 | 06/08/2019 | 1 | 06/08/2019 | Journal article |